| 000 | 00559cam a22001817a 4500 | ||
|---|---|---|---|
| 003 | OSt | ||
| 005 | 20170317124123.0 | ||
| 008 | 170317s2017 spc ||||||||| 000 0 spa|d | ||
| 040 |
_bcat _cCDMR |
||
| 245 | 0 | 0 |
_aEl informativo de televisión _b: producción, guion y edición audiovisuales _c/ Carles Marín (coord.) |
| 260 |
_aBarcelona : _bGedisa, _c2017 |
||
| 300 | _c23 cm | ||
| 504 | _aBibliografia | ||
| 650 | 0 | 4 |
_aTelevisió _93157 _xNoticiaris |
| 650 | 4 |
_aTelevisió _94375 _xManuals, guies, etc |
|
| 700 | 1 |
_aMarín, Carles _d1971-, _eed. _93567 |
|
| 942 | _cMON | ||
| 999 |
_c7006 _d7006 |
||